000 00696nam a2200289Ia 4500
005 20260324134317.0
008 008 260324s9999 xx 000 0 eng d
020 _a9781003260080
037 _aEBOOK
040 _aCRL
040 _beng
040 _cCRL
041 _2eng
041 _aeng
084 _qCRL
100 _aJonathan Culler
_91196342
245 0 _aStructuralist Poetics
245 0 _bStructuralism, Linguistics and the Study of Literature
260 _bTaylor and Francis
260 _c2002
365 _a
365 _b195
856 _uhttp://www.taylorfrancis.com/books/9781003260080
942 _cEBOOK
999 _c1796303
_d1796303